[Event "DVM U12 2010"]
[Site "Templin OT Groß Dölln GER"]
[Date "2010.12.28"]
[Round "4"]
[White "Maier, Lukas"]
[Black "Vergin, Marcel"]
[Result "1-0"]
[Termination "normal"]
[Board "6.2"]
[WhiteElo "1387"]
[BlackElo "1182"]
[WhiteTeam "SV Backnang"]
[BlackTeam "SV Breitenworbis"]
[WhiteFideId "12946184"]
[EventCountry "GER"]
[EventRounds "7"]
[EventType "team-swiss"]
[EventDate "2010.12.26"]

1. d4 {[%emt 0:00:00]} Nf6 2. c4 d6 3. Nf3 Nbd7 4. Nc3 e5 5. e3 c6 6. Qb3 Qa5
7. Bd2 Qc7 8. Bd3 Be7 9. O-O O-O 10. Rac1 Qd8 11. d5 Nc5 12. Qc2 Re8 13. e4 Bg4
14. Ne1 Bh5 15. Be3 Nxd3 16. Qxd3 h6 17. f3 c5 18. Nb5 Qd7 19. Nc2 a6 20. Nc3
Nh7 21. Ne2 b5 22. a3 Rab8 23. Rb1 Bg5 24. Ng3 Bg6 25. Rfd1 Rb7 26. b4 Bxe3+
27. Nxe3 Rc8 28. Rbc1 Rbc7 29. Ne2 f6 30. Rc2 Be8 31. Rdc1 bxc4 32. Rxc4 Qb5
33. Nc3 Qb6 34. Qd2 Bb5 35. Nxb5 Qxb5 36. Nf5 Qb6 37. Qf2 Nf8 38. g3 Nd7 39.
Ne7+ Kf8 40. Nxc8 Rxc8 41. Kg2 Kf7 42. Qc2 g5 43. Rb1 Kg6 44. bxc5 Qa7 45. cxd6
Rd8 46. Rc7 Qa8 47. Rbb7 Rc8 48. Kh3 Rxc7 49. Qxc7 Nf8 50. Qf7# 1-0

[Event "DVM U12 2010"]
[Site "Templin OT Groß Dölln GER"]
[Date "2010.12.28"]
[Round "4"]
[White "Schirmer, Christoph"]
[Black "Zouani, Samir"]
[Result "1/2-1/2"]
[Termination "normal"]
[Board "6.3"]
[WhiteElo "1086"]
[BlackElo "1263"]
[WhiteTeam "SV Breitenworbis"]
[BlackTeam "SV Backnang"]
[BlackFideId "12946206"]
[EventCountry "GER"]
[EventRounds "7"]
[EventType "team-swiss"]
[EventDate "2010.12.26"]

1. e4 e5 2. Nf3 Nc6 3. Bc4 Bc5 4. c3 Nf6 5. d3 Ng4 6. O-O O-O 7. h3 Nf6 8. b4
Bb6 9. b5 Na5 10. Nxe5 d5 11. exd5 Nxd5 12. Qf3 Nxc4 13. Nxc4 a6 14. Nxb6 Nxb6
15. c4 Qd4 16. Ba3 Qxa1 17. Bxf8 Kxf8 18. Nd2 Qxa2 19. Ne4 Be6 20. Ng5 Kg8 21.
Nxe6 fxe6 22. Qxb7 axb5 23. Qxc7 Qa7 24. Qc6 Kf7 25. Re1 Re8 26. Re3 b4 27.
Rf3+ Ke7 28. Qc5+ Kd8 29. Qd6+ Kc8 30. Qc6+ Kd8 31. Qd6+ Nd7 32. Rf7 b3 33. Qb4
1/2-1/2

[Event "DVM U12 2010"]
[Site "Templin OT Groß Dölln GER"]
[Date "2010.12.28"]
[Round "4"]
[White "Rausch, Adrian"]
[Black "Richardt, Angelina"]
[Result "1-0"]
[Termination "normal"]
[Board "6.4"]
[WhiteElo "1326"]
[BlackElo "1101"]
[WhiteTeam "SV Backnang"]
[BlackTeam "SV Breitenworbis"]
[WhiteFideId "12929069"]
[BlackFideId "12938149"]
[EventCountry "GER"]
[EventRounds "7"]
[EventType "team-swiss"]
[EventDate "2010.12.26"]

1. d4 {[%emt 0:00:00]} Nf6 2. c4 d6 3. Nc3 Nbd7 4. e4 e5 5. d5 Nc5 6. f3 a5 7.
Be3 Be7 8. Bxc5 dxc5 9. Bd3 O-O 10. Nge2 c6 11. O-O Qd6 12. Kh1 cxd5 13. cxd5
Bd7 14. a4 Rac8 15. Bc2 Nh5 16. g4 Nf4 17. Nxf4 exf4 18. Qd2 Rfd8 19. Rae1 Qe5
20. Rc1 c4 21. Ne2 Bd6 22. Rb1 Rc7 23. Qxa5 Rcc8 24. Qc3 Qxc3 25. Nxc3 Be5 26.
h4 Bxc3 27. bxc3 Rb8 28. Rb4 Rdc8 29. Rfb1 Rc7 30. d6 Rc6 31. Rxb7 Rxb7 32.
Rxb7 Rxd6 33. Rb8+ Bc8 34. Rxc8+ Rd8 35. Rxd8# 1-0

[Event "DVM U12 2010"]
[Site "Templin OT Groß Dölln GER"]
[Date "2010.12.28"]
[Round "4"]
[White "Niediek, Cedric"]
[Black "Richter, Leonard"]
[Result "0-1"]
[Termination "normal"]
[Board "7.1"]
[WhiteElo "1715"]
[BlackElo "1826"]
[WhiteTeam "LSV Turm Lippstadt"]
[BlackTeam "BSG Chemie Leipzig"]
[BlackFideId "12900290"]
[EventCountry "GER"]
[EventRounds "7"]
[EventType "team-swiss"]
[EventDate "2010.12.26"]

1. e4 c6 2. d4 d5 3. exd5 cxd5 4. Bd3 Nc6 5. Nf3 Bg4 6. c3 Nf6 7. O-O e6 8. Bf4
Be7 9. Nbd2 O-O 10. Re1 Rc8 11. h3 Bh5 12. a3 a6 13. Qc2 b5 14. Be5 Bg6 15.
Bxg6 hxg6 16. Qd1 Qb6 17. Bxf6 Bxf6 18. Ne5 Bxe5 19. dxe5 Rfd8 20. Nf3 d4 21.
Nxd4 Nxd4 22. cxd4 Rxd4 23. Qf3 Rc2 24. Re2 Qc6 25. Qxc6 Rxc6 26. Rae1 Kf8 27.
Kf1 Ke7 28. Re4 Rd2 29. R4e2 Rd5 30. g3 Rcc5 31. f4 Kd7 32. Kf2 Kc6 33. h4 Rc4
34. Re4 Kc5 35. b4+ Kc6 36. R4e3 Rdd4 37. R1e2 Kd5 38. Kf3 Rc1 39. Kg4 Kc4 40.
Rh2 Rc3 41. Rxc3+ Kxc3 42. h5 gxh5+ 43. Rxh5 Kb3 44. Rh8 Kxa3 45. Ra8 Rxb4 46.
Rxa6+ Ra4 47. Rb6 b4 48. Rb7 b3 49. Kg5 b2 50. f5 Rb4 51. Rxf7 exf5 52. Rxg7
b1=Q 53. Ra7+ Ra4 54. Rxa4+ Kxa4 55. e6 Qe1 56. Kxf5 Qxg3 57. Kf6 Qg8 58. Ke7
Kb5 59. Kd7 Kb6 60. e7 Qd5+ 61. Ke8 Kc7 62. Kf8 Qf5+ 63. Ke8 Kd6 0-1

[Event "DVM U12 2010"]
[Site "Templin OT Groß Dölln GER"]
[Date "2010.12.28"]
[Round "4"]
[White "Angrick, Philipp"]
[Black "Reale, Salvatore"]
[Result "1-0"]
[Termination "normal"]
[Board "7.2"]
[WhiteElo "1837"]
[BlackElo "1332"]
[WhiteTeam "BSG Chemie Leipzig"]
[BlackTeam "LSV Turm Lippstadt"]
[WhiteFideId "12912298"]
[EventCountry "GER"]
[EventRounds "7"]
[EventType "team-swiss"]
[EventDate "2010.12.26"]

1. e4 c5 2. c3 d6 3. d4 cxd4 4. cxd4 Nc6 5. Nf3 Nf6 6. Nc3 g6 7. Bc4 Bg7 8. Be3
O-O 9. O-O e5 10. d5 Ne7 11. Qd2 Ng4 12. Bg5 f6 13. Bh4 Kh8 14. Rac1 Ng8 15.
Qe2 Qb6 16. Bb3 f5 17. Na4 Qb4 18. Rc4 Qb5 19. Nd2 f4 20. Nc3 Qd7 21. Ba4 Qf7
22. Nb5 N8f6 23. h3 h6 24. Nxd6 Qe7 25. Nxc8 Raxc8 26. hxg4 g5 27. Bxg5 hxg5
28. f3 Rb8 29. Rc2 Kh7 30. Rfc1 Rh8 31. Rc7 Qb4 32. b3 Qd4+ 33. Qf2 Qb2 34.
R7c2 Qa3 35. Qc5 Qxc5+ 36. Rxc5 b6 37. Rc7 b5 38. Bxb5 Rxb5 39. Rxa7 Kg6 40.
Rc6 Bf8 41. Nc4 Bc5+ 42. Kf1 Bxa7 43. Nxe5+ Kg7 44. Rc7+ Kg8 45. Rc8+ Kg7 46.
Rc7+ Kh6 47. Nf7+ Kg7 48. Nxh8+ Kxh8 49. Rxa7 Rc5 50. Rf7 Ng8 51. d6 Rc8 52. e5
Nh6 53. Rf6 Kg7 54. Rxh6 Kxh6 55. e6 Kg7 56. d7 1-0

[Event "DVM U12 2010"]
[Site "Templin OT Groß Dölln GER"]
[Date "2010.12.28"]
[Round "4"]
[White "Pusch, Moritz"]
[Black "Schaefer, Matthes"]
[Result "0-1"]
[Termination "normal"]
[Board "7.3"]
[WhiteElo "832"]
[BlackElo "1387"]
[WhiteTeam "LSV Turm Lippstadt"]
[BlackTeam "BSG Chemie Leipzig"]
[BlackFideId "12946117"]
[EventCountry "GER"]
[EventRounds "7"]
[EventType "team-swiss"]
[EventDate "2010.12.26"]

1. e4 c5 2. Nc3 d6 3. Bb5+ Bd7 4. Bxd7+ Nxd7 5. Nf3 Ngf6 6. d3 g6 7. O-O Bg7 8.
h3 O-O 9. Be3 a5 10. Qd2 Rb8 11. a4 Qc8 12. b3 Rd8 13. Bh6 Ne5 14. Nxe5 dxe5
15. Bxg7 Kxg7 16. Nb5 Nxe4 17. Qe3 Nf6 18. Qxe5 Qd7 19. Qxc5 Rbc8 20. Qb6 Rxc2
21. Qxa5 Qd5 22. Qb4 e6 23. Rad1 Nh5 24. Qe7 Ng3 25. Rfe1 Ne2+ 26. Kf1 Nf4 27.
f3 Nxg2 28. Re4 Qf5 29. Qxd8 Qxf3+ 30. Kg1 Qxd1+ 31. Kh2 Ne1+ 32. Kg3 Qf3+ 33.
Kh4 Ng2+ 34. Kg5 h6# 0-1

[Event "DVM U12 2010"]
[Site "Templin OT Groß Dölln GER"]
[Date "2010.12.28"]
[Round "4"]
[White "Halas, Julia"]
[Black "Stryschik, Tobias"]
[Result "1-0"]
[Termination "normal"]
[Board "7.4"]
[WhiteElo "1191"]
[BlackElo "825"]
[WhiteTeam "BSG Chemie Leipzig"]
[BlackTeam "LSV Turm Lippstadt"]
[WhiteFideId "12931810"]
[EventCountry "GER"]
[EventRounds "7"]
[EventType "team-swiss"]
[EventDate "2010.12.26"]

1. e4 e5 2. Nf3 Nc6 3. d4 Nf6 4. d5 Na5 5. Bd2 b6 6. Nc3 Bc5 7. Nxe5 d6 8. Bb5+
Bd7 9. Bxd7+ Nxd7 10. Nxd7 Qxd7 11. Qe2 c6 12. e5 dxe5 13. Qxe5+ Qe7 14. Qxe7+
Bxe7 15. dxc6 Nxc6 16. Nd5 Bd6 17. Bf4 Rd8 18. Nc7+ Kd7 19. Bxd6 Nd4 20. O-O-O
Kxd6 21. Nb5+ Kc5 22. Nxd4 Rxd4 23. Rxd4 Kxd4 24. Rd1+ Ke5 25. Rd7 Ke6 26. Rxa7
Re8 27. Ra3 Kd5 28. Re3 Rd8 29. Rd3+ Ke6 30. Rxd8 Ke7 31. Rb8 Kd7 32. Rxb6 Kc7
1-0

[Event "DVM U12 2010"]
[Site "Templin OT Groß Dölln GER"]
[Date "2010.12.28"]
[Round "4"]
[White "Engert, Marvin"]
[Black "Hamid, Emran"]
[Result "1/2-1/2"]
[Termination "normal"]
[Board "8.1"]
[WhiteElo "1631"]
[BlackElo "1750"]
[WhiteTeam "SG Turm Leipzig"]
[BlackTeam "SC Pforzheim"]
[WhiteFideId "12901164"]
[BlackFideId "12903566"]
[EventCountry "GER"]
[EventRounds "7"]
[EventType "team-swiss"]
[EventDate "2010.12.26"]

1. e4 d5 2. exd5 Qxd5 3. Nc3 Qa5 4. Nf3 Bg4 5. Be2 Nf6 6. O-O e6 7. b3 Be7 8.
Bb2 O-O 9. Nd4 Bxe2 10. Qxe2 Bc5 11. Nf3 Nbd7 12. d4 Bd6 13. Ne4 Nxe4 14. Qxe4
c6 15. c4 Nf6 16. Qh4 Qh5 17. Qxh5 Nxh5 18. Rad1 Rfd8 19. Rfe1 Rac8 20. Ne5 Nf4
21. g3 Ng6 22. Nxg6 hxg6 23. Re3 Be7 24. Red3 {=} Bf6 25. Ba3 Rd7 26. d5 cxd5
27. cxd5 exd5 28. Rxd5 {=} Rxd5 29. Rxd5 Rc2 30. Ra5 Rxa2 31. Rxa7 Be7 32. Bc5
Rxa7 1/2-1/2

[Event "DVM U12 2010"]
[Site "Templin OT Groß Dölln GER"]
[Date "2010.12.28"]
[Round "4"]
[White "Hartmann, Martin"]
[Black "Hummel, Felician"]
[Result "0-1"]
[Termination "normal"]
[Board "8.2"]
[WhiteElo "1259"]
[BlackElo "1509"]
[WhiteTeam "SC Pforzheim"]
[BlackTeam "SG Turm Leipzig"]
[WhiteFideId "12911925"]
[BlackFideId "16200489"]
[EventCountry "GER"]
[EventRounds "7"]
[EventType "team-swiss"]
[EventDate "2010.12.26"]

1. e4 e6 2. d4 d5 3. e5 c5 4. c3 Nc6 5. Nf3 Qb6 6. Bd3 Bd7 7. O-O cxd4 8. cxd4
Nxd4 9. Nxd4 Qxd4 10. Nc3 a6 11. Re1 Qb6 12. a3 Bc5 13. Kh1 Ne7 14. Na4 Bxa4
15. Qxa4+ Nc6 16. Qg4 g6 17. f4 h5 18. Qg5 Qd8 19. Qg3 h4 20. Qg5 Qxg5 21. fxg5
Bd4 22. Ra2 Nxe5 23. Bb1 Kd7 24. b4 Ng4 25. Rf1 Raf8 26. h3 Ne5 27. Rd1 Nc6 28.
Rc2 Rc8 29. Rf1 Ne5 30. Rd2 Be3 31. Rdd1 Rxc1 32. Rxc1 Bxc1 33. Rxc1 Rc8 34.
Re1 Kd6 35. a4 Rc4 36. b5 Rxa4 0-1

[Event "DVM U12 2010"]
[Site "Templin OT Groß Dölln GER"]
[Date "2010.12.28"]
[Round "4"]
[White "Storch, Domenic"]
[Black "Shabani, Shabi"]
[Result "1-0"]
[Termination "normal"]
[Board "8.3"]
[WhiteElo "1447"]
[BlackElo "1233"]
[WhiteTeam "SG Turm Leipzig"]
[BlackTeam "SC Pforzheim"]
[WhiteFideId "16200470"]
[EventCountry "GER"]
[EventRounds "7"]
[EventType "team-swiss"]
[EventDate "2010.12.26"]

1. d4 d5 2. c4 dxc4 3. Nc3 Nc6 4. Nf3 Nf6 5. e4 Bg4 6. d5 Bxf3 7. gxf3 Ne5 8.
f4 Nd3+ 9. Bxd3 cxd3 10. Qxd3 e6 11. Qb5+ Qd7 12. Qxd7+ Nxd7 13. dxe6 fxe6 14.
a3 Bc5 15. Be3 Bxe3 16. fxe3 e5 17. f5 O-O-O 18. O-O-O Nc5 19. Kc2 Rd6 20. Rxd6
cxd6 21. b4 Nd7 22. Rd1 Kc7 23. Rg1 Rg8 24. Nd5+ Kd8 25. h4 Nb6 26. Nxb6 axb6
27. Kc3 Kc7 28. b5 g6 29. Kc4 Kd7 30. Kd5 Rg7 31. h5 Ke7 32. hxg6 hxg6 33. Rxg6
Rh7 34. Re6+ Kf7 35. Kxd6 Rh1 36. Kxe5 Rc1 37. Rxb6 Rc5+ 38. Kf4 Rc7 39. e5
Rc4+ 40. e4 Rc1 41. e6+ Kf6 42. e5+ Ke7 43. f6+ Ke8 44. f7+ Kf8 45. Ke4 Re1+
46. Kd5 Rd1+ 47. Kc5 Rc1+ 48. Kd6 Rd1+ 49. Kc7 Rc1+ 50. Kxb7 Rd1 51. Kc7 Rc1+
52. Rc6 Rd1 53. Rd6 Rc1+ 54. Kd7 Rc7+ 55. Kxc7 Ke7 56. Rd8 1-0

[Event "DVM U12 2010"]
[Site "Templin OT Groß Dölln GER"]
[Date "2010.12.28"]
[Round "4"]
[White "Schesler, Rudolf"]
[Black "Hummel, Jeremias"]
[Result "1/2-1/2"]
[Termination "normal"]
[Board "8.4"]
[WhiteElo "841"]
[BlackElo "1141"]
[WhiteTeam "SC Pforzheim"]
[BlackTeam "SG Turm Leipzig"]
[EventCountry "GER"]
[EventRounds "7"]
[EventType "team-swiss"]
[EventDate "2010.12.26"]

1. e4 c5 2. Nf3 Nc6 3. Nc3 d6 4. Be2 Nf6 5. d4 cxd4 6. Nxd4 Bd7 7. Bg5 e6 8.
Bb5 g6 9. Bxc6 Bxc6 10. Nxc6 bxc6 11. e5 Bg7 12. exf6 Bxf6 13. Bxf6 Qxf6 14.
Ne4 Qe5 15. Qd3 f5 16. Qc4 Qxe4+ 17. Qxe4 fxe4 18. O-O-O d5 19. Rhe1 O-O 20. f3
Rf4 21. fxe4 Rf2 22. exd5 exd5 23. Rd2 Rxd2 24. Kxd2 Rb8 25. b3 Rf8 26. Kd3 Rf2
27. Re2 Rf1 28. Re8+ Kf7 29. Rc8 Rf2 30. Rc7+ Kg8 31. Rxc6 Rxg2 32. Rc8+ Kg7
33. Rc7+ Kh6 34. Rxa7 Rxh2 35. Rd7 g5 36. b4 g4 37. Rd6+ Kh5 38. Rxd5+ Kh4 39.
Rd6 Kh5 40. Rd7 Kh6 41. b5 g3 42. b6 g2 43. b7 Rh3+ 44. Kc4 g1=Q 45. b8=Q Kh5
46. Rd4 Kg5 47. Rd5+ Kh4 48. Rd4+ Kh5 49. Rd5+ Kh4 {=} 1/2-1/2

[Event "DVM U12 2010"]
[Site "Templin OT Groß Dölln GER"]
[Date "2010.12.28"]
[Round "4"]
[White "Birnkraut, Tim"]
[Black "Sabirov, Ramil"]
[Result "1-0"]
[Termination "normal"]
[Board "9.1"]
[WhiteElo "1686"]
[BlackElo "1720"]
[WhiteTeam "SF Brackel"]
[BlackTeam "SG Porz"]
[WhiteFideId "24609587"]
[BlackFideId "12900303"]
[EventCountry "GER"]
[EventRounds "7"]
[EventType "team-swiss"]
[EventDate "2010.12.26"]

1. e4 c5 2. c4 Nc6 3. Ne2 g6 4. d4 cxd4 5. Nxd4 Bg7 6. Be3 Nf6 7. Nc3 d6 8. Be2
O-O 9. O-O a6 10. Rc1 Bd7 11. Qd2 Rc8 12. b3 Qa5 13. Rfd1 Rfe8 14. f3 Ne5 15.
Nc2 Nc6 16. Na4 Qxd2 17. Rxd2 Be6 18. Nb6 Rc7 19. Rcd1 Ne5 20. Nb4 Ned7 21.
Nxd7 Nxd7 22. Nd5 Bxd5 23. Rxd5 Rec8 24. R5d2 Nc5 25. Rc2 Ne6 26. Kf1 Kf8 27.
Rd5 Ke8 28. f4 Bh6 29. g3 Nc5 30. Bf3 Nd7 31. Bg4 Nf6 32. Bxc8 Nxd5 33. exd5
Rxc8 34. Bd4 Kf8 35. h4 Bg7 36. Bxg7+ Kxg7 37. Kf2 Kf6 38. Kf3 {=} h5 39. Ke4
b6 40. b4 1-0

[Event "DVM U12 2010"]
[Site "Templin OT Groß Dölln GER"]
[Date "2010.12.28"]
[Round "4"]
[White "Brungs, Sven"]
[Black "Wastian, Jan"]
[Result "0-1"]
[Termination "normal"]
[Board "9.2"]
[WhiteElo "1191"]
[BlackElo "1409"]
[WhiteTeam "SG Porz"]
[BlackTeam "SF Brackel"]
[WhiteFideId "12946257"]
[BlackFideId "12911640"]
[EventCountry "GER"]
[EventRounds "7"]
[EventType "team-swiss"]
[EventDate "2010.12.26"]

1. d4 d5 2. Nf3 Nf6 3. Bf4 e6 4. e3 Bb4+ 5. c3 Be7 6. Nbd2 O-O 7. Bd3 c5 8. O-O
Nc6 9. Re1 b6 10. e4 dxe4 11. Nxe4 cxd4 12. Nxf6+ Bxf6 13. Be4 Bb7 14. Bxc6
Bxc6 15. cxd4 Bxf3 16. Qxf3 Qxd4 17. Rab1 Qa4 18. a3 Rac8 19. Red1 Rfd8 20.
Rxd8+ Rxd8 21. h3 h6 22. Bc7 Qc2 23. Bxd8 Qxb1+ 24. Kh2 Bxd8 25. Qa8 Qd3 26.
Qxa7 Qc2 27. Qa8 Qc7+ 28. Kg1 Kh7 29. Qe4+ Kg8 30. Qa8 g6 31. b3 Kg7 32. Qa4
Bf6 33. Qb5 Be5 34. Qc4 Qxc4 35. bxc4 Kf6 36. Kf1 Ke7 37. Ke2 Kd6 38. Kd3 Kc5
39. g4 f5 40. f3 g5 41. a4 Bf6 0-1

[Event "DVM U12 2010"]
[Site "Templin OT Groß Dölln GER"]
[Date "2010.12.28"]
[Round "4"]
[White "Hlopotov, Nikita"]
[Black "Ramien, David"]
[Result "1-0"]
[Termination "normal"]
[Board "9.3"]
[WhiteElo "1318"]
[BlackElo "1237"]
[WhiteTeam "SF Brackel"]
[BlackTeam "SG Porz"]
[WhiteFideId "12964794"]
[BlackFideId "12948241"]
[EventCountry "GER"]
[EventRounds "7"]
[EventType "team-swiss"]
[EventDate "2010.12.26"]

1. e4 c5 2. Nf3 e6 3. Nc3 Nc6 4. Bc4 Nf6 5. O-O d5 6. exd5 exd5 7. Bb5 Be7 8.
d4 c4 9. Ne5 Qb6 10. Re1 Be6 11. Bf4 O-O 12. Bxc6 bxc6 13. b3 Bb4 14. Re3 cxb3
15. cxb3 Nh5 16. Qxh5 Qxd4 17. Qf3 Qc5 18. a3 Bxa3 19. Na4 Qc2 20. Re2 Qf5 21.
g4 Qf6 22. Rxa3 Qe7 23. Ra1 Rac8 24. Nd3 Qf6 25. Ne5 Rce8 26. Bg3 Qxf3 27. Nxf3
Rb8 28. Bxb8 Rxb8 29. Nd4 Bxg4 30. Rc2 1-0

[Event "DVM U12 2010"]
[Site "Templin OT Groß Dölln GER"]
[Date "2010.12.28"]
[Round "4"]
[White "Yang, Daniel Danyang"]
[Black "Thiemann, Marc"]
[Result "1-0"]
[Termination "normal"]
[Board "9.4"]
[WhiteElo "1076"]
[BlackElo "1099"]
[WhiteTeam "SG Porz"]
[BlackTeam "SF Brackel"]
[EventCountry "GER"]
[EventRounds "7"]
[EventType "team-swiss"]
[EventDate "2010.12.26"]

1. e4 e5 2. Nf3 f5 3. Nxe5 Qf6 4. d4 d6 5. Nc4 Nc6 6. Be3 Qg6 7. Nc3 Nf6 8. f3
Be7 9. Qd2 fxe4 10. fxe4 O-O 11. Bd3 Nb4 12. g3 Nxd3+ 13. Qxd3 Bg4 14. Kd2 Bf5
15. Rhf1 Nxe4+ 16. Nxe4 Bxe4 17. Qc3 d5 18. Ne5 Qh5 19. h4 a5 20. Qxc7 Rac8 21.
Rxf8+ Rxf8 22. Qxe7 Bxc2 23. Qe6+ Kh8 24. Qxd5 Bg6 25. Nxg6+ Qxg6 26. Qg5 Qb6
27. b3 Qb4+ 28. Kd3 a4 29. Qc5 Qxc5 30. dxc5 axb3 31. axb3 h5 32. b4 Rf3 33.
Ra7 Rxg3 34. Rxb7 Rg6 35. b5 Kg8 36. c6 Rd6+ 37. Kc4 Rd8 38. b6 Rd6 39. c7 Rc6+
40. Kd5 Rc3 41. Rb8+ Kh7 42. c8=Q 1-0